[Event "NRW-Liga II 9697"]
[Site "Germany"]
[Date "1997.??.??"]
[Round "5.5"]
[White "Wengenroth, Walter"]
[Black "Schirbel, Andreas"]
[Result "1/2-1/2"]
[WhiteElo "2135"]
[BlackElo "2310"]

1.Nf3 d5 2.c4 dxc4 3.Na3 e5 4.Qa4+ Bd7 5.Qxc4 Nc6 6.g3 Nf6 7.Bg2 g6 8.O-O Bg7
9.d3 O-O 10.Qh4 Re8 11.Bg5 Qe7 12.Nb5 Rac8 13.Nc3 Qe6 14.h3 Ne7 15.e4 c5
16.Rad1 Bc6 17.Be3 b6 18.Ng5 Qd7 19.f4 exf4 20.Qxf4 Rf8 21.g4 h6 22.Nf3 g5
23.Qg3 Ng6 24.d4 Nxe4 25.Nxe4 Bxe4 26.dxc5 Qb7 27.b4 Rfd8 28.Nd4 Bxg2 29.Qxg2 Qxg2+
30.Kxg2 bxc5 31.bxc5 Rxc5 32.Nf5 Rc2+ 33.Kg1 Rxd1 34.Rxd1 Ne5 35.Rd8+ Kh7
36.Nxg7 Nf3+ 37.Kf1 Kxg7 38.Bxa7 Rxa2 39.Rd7 Kf6 40.Bb6 Ke6 41.Rd8 Rb2 42.Bc5 Nd2+
43.Kg1 Nf3+ 44.Kf1 f6 45.Rh8 Rc2 46.Ba7 Ne5 47.Rxh6 Rh2 48.Bb8 Nxg4 49.Rxf6+ Kxf6
50.Bxh2 Nxh2+  1/2-1/2

[Event "NRW-Liga II 9697"]
[Site "Germany"]
[Date "1997.??.??"]
[Round "6.3"]
[White "Rohde, Ulrich"]
[Black "Scheffner, Axel"]
[Result "0-1"]
[WhiteElo "2305"]
[BlackElo "2305"]

1.Nf3 d5 2.c4 c6 3.Qa4 a6 4.cxd5 b5 5.Qb3 Qxd5 6.Qxd5 cxd5 7.a4 b4 8.g3 Nc6
9.Bg2 e5 10.d3 Nf6 11.Nbd2 Bd6 12.Nb3 Bb7 13.Bg5 Nd7 14.Nh4 h6 15.Bd2 Ne7
16.Na5 Rb8 17.O-O g5 18.Nxb7 Rxb7 19.Nf3 Rb8 20.Rfc1 O-O 21.h4 g4 22.Nh2 h5
23.Bg5 f6 24.Bh6 Rfc8 25.Nf1 Kh7 26.Bd2 Nc5 27.Rc2 Nb3 28.Rxc8 Rxc8 29.Rd1 Rc2
30.Be1 d4 31.e3 Rxb2 32.exd4 exd4 33.Nd2 Nxd2 34.Bxd2 Ra2 35.a5 b3 36.Bc1 b2
37.Bxb2 Rxb2 38.Re1 Be5  0-1

[Event "NRW-Liga II 9697"]
[Site "Germany"]
[Date "1997.??.??"]
[Round "8.3"]
[White "Rohde, Ulrich"]
[Black "Eng, Holger"]
[Result "1-0"]
[WhiteElo "2305"]
[BlackElo "2365"]

1.Nf3 d5 2.c4 e6 3.g3 dxc4 4.Bg2 a6 5.O-O c6 6.a4 b5 7.axb5 cxb5 8.Nd4 Qxd4
9.Bxa8 Nf6 10.d3 cxd3 11.Nc3 Bb4 12.Be3 Qd6 13.Na2 dxe2 14.Qxe2 Nbd7 15.Bf4 Qe7
16.Nxb4 Qxb4 17.Rfd1 e5 18.Bxe5 Qe7 19.Qc2 Nxe5 20.Qxc8+  1-0

[Event "Gold Coast op"]
[Site "Gold Coast"]
[Date "1997.??.??"]
[Round "4"]
[White "Dinh Duc Trong"]
[Black "Rogers, Ian"]
[Result "0-1"]
[WhiteElo "2380"]
[BlackElo "2600"]

1.Nf3 d5 2.c4 e6 3.g3 Nf6 4.Bg2 c5 5.cxd5 exd5 6.d4 Nc6 7.O-O Be7 8.Nc3 O-O
9.Bf4 Bg4 10.Ne5 Be6 11.dxc5 Bxc5 12.Rc1 Be7 13.Qa4 Qb6 14.e4 dxe4 15.Nxe4 Nxe4
16.Bxe4 Qxb2 17.Nxc6 bxc6 18.Bxc6 Rac8 19.Qxa7 Bf6 20.a4 Bh3 21.Bg2 Bd4 22.Rxc8 Bxa7
23.Bxh3 Rxc8 24.Bxc8 h6 25.Bd7 g5 26.Be3 Bxe3 27.fxe3 Qd2 28.Bb5 Qxe3+ 29.Kg2 Kg7
30.Rf2 h5 31.Re2 Qc5 32.Kf3 f5 33.Kg2 Kf6 34.Kf3 Qg1 35.Rf2 h4 36.Bd3 Qe1
37.gxh4 Qd1+ 38.Be2 Qh1+ 39.Rg2 gxh4 40.h3 Qxh3+ 41.Kf2 f4 42.Bf3 Qe6 43.Be2 Qe3+
44.Kf1 h3 45.Rh2 Kg5 46.a5 Kh4 47.Ba6 Kg3 48.Re2 Qc1+ 49.Re1 Qxe1+ 50.Kxe1 h2
51.Bb7 f3  0-1

[Event "SWE-ch op"]
[Site "Gotland"]
[Date "1997.??.??"]
[Round "8"]
[White "Brynell, Stellan"]
[Black "Nylen, Anders"]
[Result "1-0"]
[WhiteElo "2445"]
[BlackElo "2225"]

1.Nf3 d5 2.c4 d4 3.e3 c5 4.exd4 cxd4 5.g3 Nc6 6.d3 e5 7.Bg2 f6 8.O-O Bg4
9.h3 Be6 10.Re1 Qd7 11.Na3 Bd6 12.Kh2 Nge7 13.Rb1 O-O 14.Bd2 a5 15.Nb5 Bb4
16.a3 Bxd2 17.Nxd2 Ra6 18.Ne4 b6 19.b3 Na7 20.Nxa7 Rxa7 21.Qd2 Nf5 22.c5 bxc5
23.Nxc5 Qd6 24.Nxe6 Qxe6 25.Rec1 Ne7 26.Rc5 Qb6 27.Qc2 Rb8 28.Qc4+ Kf8 29.h4 Qa6
30.Qc2 Rb5 31.Be4 h6 32.Rc1 Qb6 33.Rc8+ Nxc8 34.Qxc8+ Kf7 35.Rc6 Qb7 36.Qe6+ Kf8
37.Rc8+ Qxc8 38.Qxc8+ Ke7 39.Qc4 Rab7 40.Bxb7 Rxb7 41.Qc5+  1-0

[Event "Graz op"]
[Site "Graz"]
[Date "1997.??.??"]
[Round "3"]
[White "Riemelmoser, Oliver"]
[Black "Wegerer, Fred"]
[Result "1/2-1/2"]
[WhiteElo "2230"]
[BlackElo "2235"]

1.Nf3 d5 2.c4 e6 3.b3 Nf6 4.Bb2 Be7 5.g3 O-O 6.Bg2 c6 7.O-O a5 8.d3 Nbd7
9.Nbd2 a4 10.Bc3 a3 11.b4 Nb6 12.Qb3 Bd7 13.c5 Nc8 14.Nb1 b6 15.d4 Ne4 16.Nxa3 bxc5
17.bxc5 Nb6 18.Bb4 Na4 19.Ne5 f5 20.f3 Ng5 21.Nc2 Bf6 22.Nxd7 Qxd7 23.a3 Rfb8
24.Rad1 g6 25.e4 Bg7 26.e5 Nf7 27.f4 Bf8 28.Qa2 Qa7 29.Kh1 h5 30.Ne1 Be7
31.Nf3 Kg7 32.h4 Nh6 33.Ng5 Bxg5 34.fxg5 Ng4 35.Qd2 Qa6 36.Rf3 Rf8 37.Bf1 Qa7
38.Be2 Rf7 39.Rdf1 Rb7 40.Rf4 Qb8 41.Bd1 Rba7 42.Bxg4  1/2-1/2

[Event "Graz op"]
[Site "Graz"]
[Date "1997.??.??"]
[Round "6"]
[White "Wojtkiewicz, Aleksander"]
[Black "Riedner, Martin"]
[Result "1-0"]
[WhiteElo "2575"]
[BlackElo "2200"]

1.Nf3 d5 2.c4 c6 3.d4 Nf6 4.Qc2 Ne4 5.Nc3 Qa5 6.e3 Bf5 7.Bd3 Na6 8.a3 e6
9.O-O Nd6 10.c5 Bxd3 11.Qxd3 Nf5 12.b4 Qd8 13.b5 cxb5 14.e4 dxe4 15.Qxe4 Qc8
16.Nxb5 Be7 17.Rb1 Qc6 18.Qe2 O-O 19.g4 Nh4 20.Nxh4 Bxh4 21.g5 f6 22.Nd6 Qd5
23.Rxb7 fxg5 24.Be3 Nb8 25.Rc7 Nc6 26.Rxc6 Qxc6 27.Bxg5 Qd5 28.Bxh4 Qxd4
29.Qxe6+ Kh8 30.Bg3  1-0

[Event "Perenyi  Memorial"]
[Site "Gyula"]
[Date "1997.??.??"]
[Round "1"]
[White "Vadasz, Laszlo"]
[Black "Almasi, Istvan"]
[Result "1/2-1/2"]
[WhiteElo "2365"]
[BlackElo "2415"]

1.Nf3 d5 2.c4 e6 3.g3 Nf6 4.Bg2 Be7 5.O-O O-O 6.d4 Nbd7 7.Qc2 c6 8.b3 b6
9.Rd1 Ba6 10.Nbd2 Rc8 11.e4 c5 12.exd5 exd5 13.Bb2 cxd4 14.Qd3 dxc4 15.Nxc4 Bxc4
16.bxc4 Nc5 17.Qxd4 Qxd4 18.Nxd4 Na4  1/2-1/2

[Event "Haarlem op"]
[Site "Haarlem"]
[Date "1997.??.??"]
[Round "1"]
[White "Szekely, Peter"]
[Black "Blanchard, Jack"]
[Result "1-0"]
[WhiteElo "2455"]
[BlackElo "2125"]

1.Nf3 d5 2.c4 c6 3.cxd5 cxd5 4.d4 Nf6 5.Nc3 Nc6 6.Bf4 a6 7.Rc1 Bf5 8.e3 e6
9.Qb3 Bb4 10.Ne5 Bxc3+ 11.bxc3 Nxe5 12.Bxe5 Qe7 13.c4 O-O 14.c5 Rac8 15.Be2 Rfd8
16.f3 Ne8 17.O-O Rc6 18.Qb2 h5 19.Rfe1 h4 20.h3 Bg6 21.Bf1 Rd7 22.Bf4 Qf6
23.Rc3 Qe7 24.Rb3 f6 25.Qf2 e5 26.Bh2 Re6 27.Rc1 exd4 28.exd4 f5 29.Bf4 Qf6
30.Be5 Qg5 31.f4 Qe7 32.Rcb1 Rc6 33.Rb6 Rxb6 34.Rxb6  1-0

[Event "Hafnarfjordur"]
[Site "Hafnarfjordur"]
[Date "1997.??.??"]
[Round "3"]
[White "Bjarnason, Saevar"]
[Black "Thorhallsson, Throstur"]
[Result "1/2-1/2"]
[WhiteElo "2265"]
[BlackElo "2510"]

1.Nf3 d5 2.c4 dxc4 3.Na3 c5 4.Nxc4 b5 5.Ne3 a6 6.a4 Bb7 7.axb5 axb5 8.Rxa8 Bxa8
9.Qb3 Qa5 10.Nc4 Qb4 11.Qxb4 cxb4 12.Nb6 Bc6 13.Ne5 e6 14.e3 Bc5 15.Nxc6 Nxc6
16.Bxb5 Ne7 17.Nc8 Kd7 18.Nxe7 Bxe7 19.Ke2 Rb8 20.Ba4 b3 21.d4 Rb4 22.Bxc6+ Kxc6
23.Bd2 Rb7 24.Ra1 Kb5 25.Kd3 Bb4 26.Bxb4 Kxb4 27.Rc1 Ra7 28.h4 e5 29.Rc4+ Kb5
30.dxe5 Ra2 31.Rf4 Rxb2 32.Kc3 Rc2+ 33.Kxb3 Rc7 34.Rb4+ Ka5 35.Rc4 Re7 36.f4 Kb5
37.Rc3 h5 38.Kc2 Rd7 39.Rd3 Ra7 40.Rd4 Ra2+ 41.Kd3 Kc6 42.Rc4+ Kd5 43.Rc2 Ra3+
44.Ke2 Ra1 45.Rc7 Ke6 46.Kf3 Rh1 47.g3 Rf1+ 48.Ke4 g6 49.Rc6+ Ke7 50.Rc2 Ke6
51.Rg2 Rh1 52.Kf3 Rf1+ 53.Rf2 Ra1 54.Rb2 Rc1 55.Rb6+ Ke7 56.Rb3 Ke6 57.e4 Rc6
58.Rd3 Rc5 59.Ra3 Rc6 60.Ke3 Rb6 61.Kd3 Rb4 62.Ra6+ Ke7 63.Rc6 Ra4 64.Rc4 Ra1
65.Kd4 Rg1 66.Rc3 Ke6 67.Rb3 Rg2 68.Rb6+ Ke7 69.e6 Rxg3 70.exf7 Kxf7 71.Ke5 Rg4
72.Rb7+ Kg8 73.f5 gxf5 74.exf5 Rxh4 75.Kf6 Ra4 76.Rb8+ Kh7 77.Kf7 Ra1 78.Kf8 h4
79.Rb4 Ra8+ 80.Kf7 Ra7+ 81.Kf6 Ra6+ 82.Kg5 Kg7  1/2-1/2

[Event "Wichern op"]
[Site "Hamburg"]
[Date "1997.??.??"]
[Round "1"]
[White "Schirm, Friedmar"]
[Black "Montavon, Gerard"]
[Result "1-0"]
[WhiteElo "2290"]
[BlackElo "2095"]

1.Nf3 d5 2.c4 c6 3.g3 dxc4 4.Bg2 b5 5.a4 Bb7 6.b3 cxb3 7.Qxb3 a6 8.Ba3 Nf6
9.Nc3 e6 10.Bxf8 Rxf8 11.O-O Qd6 12.Ng5 b4 13.Nce4 Nxe4 14.Nxe4 Qe7 15.Qd3 Qd7
16.Nd6+ Ke7 17.Nxb7 Qxb7 18.Rfc1 g6 19.a5 Rd8 20.Qe3 Rd6 21.Qg5+ f6 22.Qh4 h5
23.Qe4 Kf7 24.Qf4 Qd7 25.Qh6 f5 26.d3 Ra7 27.Qh7+ Kf6 28.Qh8+ Kf7 29.Qxb8 Rb7
30.Qh8 b3 31.Rab1 Rb4 32.Rc3 c5 33.Rxc5 Rb5 34.Rc7  1-0

[Event "Wichern op"]
[Site "Hamburg"]
[Date "1997.??.??"]
[Round "4"]
[White "Naumann, Frank"]
[Black "Schuette, Manfred"]
[Result "0-1"]
[WhiteElo "2265"]
[BlackElo "2265"]

1.Nf3 d5 2.c4 c6 3.b3 Nf6 4.Bb2 Bf5 5.e3 e6 6.Be2 Nbd7 7.O-O Bd6 8.d4 Ne4
9.Ne5 Qh4 10.f3 Ng5 11.Qe1 Qxe1 12.Rxe1 f6 13.Nxd7 Kxd7 14.Nc3 h5 15.Rad1 h4
16.Rd2 Rad8 17.Bd1 Kc8 18.a3 Bg6 19.Bc2 Bxc2 20.Rxc2 Kb8 21.Rf1 Bc7 22.f4 Nf7
23.f5 exf5 24.cxd5 cxd5 25.Rxf5 Nh6 26.Rxd5 Ng4 27.e4 Bxh2+ 28.Kh1 Bg3 29.Re2 Rc8
30.Kg1 b6 31.e5 fxe5 32.dxe5 Rhf8 33.Ne4 Bh2+  0-1

[Event "Heart of Finland op"]
[Site "?"]
[Date "1997.??.??"]
[Round "5"]
[White "Yrjola, Jouni"]
[Black "Rausis, Igors"]
[Result "0-1"]
[WhiteElo "2435"]
[BlackElo "2470"]

1.Nf3 d5 2.c4 c6 3.d4 dxc4 4.e3 Be6 5.a4 Nf6 6.Na3 c5 7.Nxc4 Nc6 8.Nce5 cxd4
9.Bb5 dxe3 10.Qxd8+ Rxd8 11.Bxe3 Bd7 12.Bxc6 Bxc6 13.Nxc6 bxc6 14.Bxa7 e6
15.Bd4 Nd5 16.O-O f6 17.Rfc1 Kd7 18.Rc4 Ra8 19.Rac1 Bd6 20.g3 Rhb8 21.Rd1 Rb4
22.Rxb4 Bxb4 23.b3 Rb8 24.Nh4 e5 25.Be3 Ke6 26.Kf1 Ba3 27.Rd3 Bb2 28.Bc5 e4
29.Rd1 Rxb3 30.Re1 f5 31.f3 Bc3 32.Rd1 Bb4  0-1

[Event "Heart of Finland op"]
[Site "?"]
[Date "1997.??.??"]
[Round "7"]
[White "Angskog, Kent"]
[Black "Fastberg, Juuso"]
[Result "1-0"]
[WhiteElo "2205"]
[BlackElo "2120"]

1.Nf3 d5 2.c4 Nf6 3.cxd5 Nxd5 4.e4 Nb6 5.d4 g6 6.h3 Bg7 7.Be2 O-O 8.O-O Be6
9.Na3 Na6 10.Be3 c5 11.dxc5 Bxb2 12.cxb6 Bxa3 13.Nd4 Qxb6 14.Rb1 Qd6 15.Nxe6 Qxe6
16.Qa4 Bc5 17.Bxa6 Bxe3 18.Bxb7 Bb6 19.Bd5 Qd6 20.Bxa8 Rxa8 21.Rbd1 Qf6 22.Qc4 Rb8
23.Kh1 e5 24.Rd7 Rf8 25.a4 Qf4 26.Rd5 Bd4 27.Rxd4 exd4 28.Qxd4 Qc7 29.Rd1 a5
30.e5 Qc6 31.f4 Rc8 32.f5 gxf5 33.Qf4 Qe6 34.Rd6 Qe7 35.Qxf5 Rc5 36.Rh6 Qxe5
37.Qxh7+ Kf8 38.Qh8+ Qxh8 39.Rxh8+ Kg7 40.Rh4 Rc1+ 41.Kh2 Rb1 42.Rh5  1-0

[Event "Highgate Masters"]
[Site "Highgate"]
[Date "1997.??.??"]
[Round "1"]
[White "Dunnington, Angus J"]
[Black "Richardson, John R"]
[Result "1/2-1/2"]
[WhiteElo "2420"]
[BlackElo "2260"]

1.Nf3 d5 2.c4 dxc4 3.e3 Nf6 4.Bxc4 e6 5.O-O a6 6.b3 Be7 7.d4 b5 8.Be2 Bb7
9.Bb2 Nbd7 10.Nbd2 O-O 11.a4 b4 12.Nc4 c5 13.Nfe5 Qc7 14.Bf3 Rac8 15.Nxd7 Nxd7
16.a5 Bd5 17.Bxd5 exd5 18.Nb6 Nxb6 19.axb6 Qxb6 20.dxc5 Bxc5 21.Qxd5 Rfd8
22.Qf5 Qg6 23.Qxg6 hxg6 24.Rxa6 Rd3 25.Rc1 Bf8 26.Raa1 Rxc1+ 27.Rxc1 Rxb3
28.Bd4 f6 29.Kf1 Ra3 30.Rc7 g5 31.h3 Ra2  1/2-1/2

[Event "BCF-ch"]
[Site "Hove"]
[Date "1997.??.??"]
[Round "5"]
[White "Plaskett, Jim"]
[Black "Ledger, Andrew"]
[Result "0-1"]
[WhiteElo "2450"]
[BlackElo "2415"]

1.Nf3 d5 2.c4 c6 3.g3 Bg4 4.Bg2 e6 5.O-O Bd6 6.d4 Nd7 7.Qb3 Qb6 8.Qe3 Qd8
9.Ne5 Nxe5 10.dxe5 Bc7 11.Nc3 d4 12.Qf4 f5 13.h3 Bh5 14.Rd1 g5 15.Qxd4 Qxd4
16.Rxd4 Bxe5 17.Rd3 f4 18.Ne4 Bxe2 19.Rb3 O-O-O 20.Nxg5 Rd1+ 21.Kh2 Nh6 22.Bf3 fxg3+
23.fxg3 Rf8 24.Re3 Bxf3 25.Rxf3 Rxf3 26.Nxf3 Bd6 27.Kg2 Nf5 28.b3 Ba3 29.Bb2 Bxb2
30.Rxd1 Ne3+ 31.Kf2 Nxd1+  0-1

[Event "BCF-ch"]
[Site "Hove"]
[Date "1997.??.??"]
[Round "7"]
[White "Hebden, Mark"]
[Black "Ledger, Andrew"]
[Result "1/2-1/2"]
[WhiteElo "2575"]
[BlackElo "2415"]

1.Nf3 d5 2.c4 c6 3.e3 Nf6 4.d4 g6 5.Nc3 Bg7 6.Bd3 O-O 7.O-O Bf5 8.Bxf5 gxf5
9.cxd5 cxd5 10.Qb3 b6 11.Ne5 e6 12.Bd2 Nfd7 13.Nd3 Nc6 14.Ne2 Nf6 15.Rfc1 Qd7
16.Rc2 Rfc8 17.Rac1 Ne7 18.Ne5 Qb7 19.Bb4 Ng6 20.Nc6 Kh8 21.Nf4 Ne4 22.Nxg6+ hxg6
23.Ne5 Kg8 24.f3 Nf6 25.Nc6 Bf8 26.h3 Bxb4 27.Qxb4 Kg7 28.Ne5 Ng8 29.Qa4 Ne7
30.Kf2 a5 31.Qd7 Qxd7 32.Nxd7 Rxc2+ 33.Rxc2 Rc8 34.Rxc8 Nxc8 35.h4 b5 36.Ke2 Nd6
37.b3 f4 38.exf4 Nf5 39.Kd3 Nxh4 40.g3 Nxf3 41.a4 bxa4 42.bxa4 g5 43.Nc5 gxf4
44.gxf4 Kf6 45.Nb3 Ke7 46.Nxa5 Kd6 47.Nb7+ Kc7 48.Nc5 Nh4 49.Kc3 Nf5 50.Nb3 Kc6
51.Kb4 Ng3 52.Nc1 Nf5 53.Ne2 Kb6 54.a5+ Ka6 55.Ka4 Ne7 56.Nc1 Nf5 57.Nb3 Kb7
58.Kb5 Nd6+ 59.Kc5 Ne4+ 60.Kb4 Kc6 61.Nc1 Nf2 62.Ka4 Ne4 63.Na2 Nd6 64.Nc3 Nf5
65.Ne2 Nd6  1/2-1/2

[Event "HUN-chT 9798"]
[Site "Hungary"]
[Date "1997.??.??"]
[Round "?"]
[White "Grunberg, Mihai"]
[Black "Varga, Peter"]
[Result "1/2-1/2"]
[WhiteElo "2380"]
[BlackElo "2390"]

1.Nf3 d5 2.c4 c6 3.g3 Nf6 4.Bg2 Bg4 5.Qb3 Qb6 6.Ne5 dxc4 7.Nxc4 Qa6 8.d3 Nbd7
9.Qa3 Qxa3 10.Nbxa3 e5 11.Bd2 Nd5 12.Na5 O-O-O 13.Rc1 Bxa3 14.bxa3 N7b6 15.Nb3 Nc7
16.a4 Be6 17.a5 Nd7 18.O-O a6 19.f4 f6 20.fxe5 Bxb3 21.axb3 Nxe5 22.Be3 Kb8
23.Bb6 Rd6 24.Bc5 Rdd8 25.Bb6  1/2-1/2

[Event "Southern California-ch"]
[Site "Irvine"]
[Date "1997.??.??"]
[Round "4"]
[White "Lakdawala, Cyrus"]
[Black "Jones, Stephen L"]
[Result "1-0"]
[WhiteElo "2385"]
[BlackElo "2275"]

1.Nf3 d5 2.c4 c6 3.cxd5 cxd5 4.d4 Nf6 5.Nc3 Nc6 6.Bf4 e6 7.e3 Bd6 8.Bxd6 Qxd6
9.Bd3 O-O 10.Rc1 a6 11.O-O e5 12.dxe5 Nxe5 13.Be2 Rd8 14.Nxe5 Qxe5 15.Qa4 Bd7
16.Qb4 Bc6 17.Rfd1 Ne4 18.Rd4 Qf6 19.Bf3 Nxc3 20.Qxc3 Qe6 21.Qd3 Qf6 22.Rc3 g6
23.h3 Qg5 24.Qd1 Rd7 25.a4 h5 26.b4 Rad8 27.Qb3 Rd6 28.Rcd3 b5 29.a5 Qe5
30.Rc3 Bb7 31.Qc2 R6d7 32.Rc5 Qe7 33.h4 Kg7 34.g3 Rd6 35.Bg2 f5 36.Qc3 Kf7
37.Rc7 R8d7 38.Rxb7 Rxb7 39.Bxd5+ Rxd5 40.Rxd5 Rc7 41.Qd2 Ke6 42.Rd8 Rc1+
43.Kh2 Qc7 44.Qd5+ Ke7 45.Rg8 Kf6 46.Qd4+  1-0

[Event "Southern California-ch"]
[Site "Irvine"]
[Date "1997.??.??"]
[Round "5"]
[White "Jones, Stephen L"]
[Black "Saulespurens, Val"]
[Result "1/2-1/2"]
[WhiteElo "2275"]
[BlackElo "2320"]

1.Nf3 d5 2.c4 d4 3.e3 c5 4.b4 e5 5.Nxe5 dxe3 6.fxe3 Qh4+ 7.g3 Qe4 8.Nf3 cxb4
9.d3 Qe7 10.Bg2 g6 11.O-O Bg7 12.d4 Nc6 13.a3 Nf6 14.axb4 Nxb4 15.Qb3 a5
16.Bd2 Nc6 17.Nc3 O-O 18.Nd5 Qd8 19.Nb6 Ra6 20.Nxc8 Qxc8 21.d5 Nb4 22.Rxa5 Rxa5
23.Bxb4 Rc5 24.Bh3 Qc7 25.Bxc5 Qxc5 26.Nd2 b5 27.cxb5 Nxd5 28.Ne4 Qxe3+ 29.Qxe3 Nxe3
30.Nf6+ Kh8 31.Rf3 Rb8 32.Rxe3 Bxf6 33.Rb3 Kg7 34.Kf1 Bd4 35.Bd7 f5 36.Rd3 Bb6
37.Rd6 Be3 38.Bc6 f4 39.Ke2 Rf8 40.h4 Bc5 41.Rd7+ Rf7 42.gxf4 Rxd7 43.Bxd7 Bb6
44.Kf3 h5 45.Be8  1/2-1/2

[Event "Isle of Man op"]
[Site "Isle of Man"]
[Date "1997.??.??"]
[Round "2"]
[White "Donaldson, John W"]
[Black "Kosten, Anthony C"]
[Result "1/2-1/2"]
[WhiteElo "2430"]
[BlackElo "2530"]

1.Nf3 d5 2.c4 d4 3.g3 g6 4.Bg2 Bg7 5.d3 e5 6.O-O Ne7 7.Na3 O-O 8.Nc2 a5 9.b3 Na6
10.Nd2 Rb8 11.a3 Nc5 12.Rb1 Be6 13.Ne4 Nxe4 14.Bxe4 b5 15.Bg5 f6 16.Bd2 c5
17.cxb5 Rxb5 18.b4 f5 19.Bg2 c4 20.bxa5 Qd7 21.Bb4 Bf6 22.a4  1/2-1/2

[Event "World Cities"]
[Site "Jakarta "]
[Date "1997.??.??"]
[Round "9"]
[White "Gausel, Einar"]
[Black "Nenashev, Alexander"]
[Result "0-1"]
[WhiteElo "2540"]
[BlackElo "2585"]

1.Nf3 d5 2.c4 e6 3.d4 Nf6 4.Nc3 Be7 5.Bg5 O-O 6.e3 Nbd7 7.Rc1 Re8 8.a3 a6
9.c5 c6 10.b4 e5 11.dxe5 Ng4 12.Bf4 Bf8 13.Qd4 Qe7 14.Bd3 Ndxe5 15.Nxe5 Nxe5
16.Bxe5 Qxe5 17.Qxe5 Rxe5 18.O-O a5 19.Ra1 Re8 20.Na4 axb4 21.axb4 Be6 22.Nb6 Rxa1
23.Rxa1 g6 24.Ra7 Rb8 25.h4 Bg7 26.Na4 d4 27.e4 Bh6 28.b5 Bf8 29.Kf1 Bb3
30.Ke2 cxb5 31.Bxb5 Bxa4 32.Rxa4 Bxc5 33.Kd3 Kg7 34.e5 Rc8 35.Rc4 Rc7 36.f3 b6
37.Ke4 Re7 38.f4 f6 39.Bc6 fxe5 40.fxe5 d3 41.Kxd3 Rxe5 42.Bf3 h5 43.Re4 Rxe4
44.Kxe4 Bf2 45.Be2 Bxh4 46.Bb5 Kf6 47.Be8 Bg3 48.Kd5 Bf2 49.Bb5 h4 50.Bc4 g5
51.Ke4 Bg3 52.Bb3 b5 53.Ba2 b4 54.Bb3 Be1 55.Bc4 Bd2 56.Bb3 g4 57.Bd1 Kg5
58.Ba4 Bf4 59.Bb3 Bd6 60.Ba4 Be7 61.Bb3 Kh5 62.Bd1 Kg5 63.Ba4 Bd8 64.Bb3 Kg6
65.Bd1 h3 66.gxh3 g3 67.Bf3 b3 68.Kd3 b2 69.Kc2 Bf6  0-1

[Event "Kastel Stari op"]
[Site "Kastel Stari"]
[Date "1997.??.??"]
[Round "5"]
[White "Delchev, Aleksander"]
[Black "Golubovic, Boris"]
[Result "1/2-1/2"]
[WhiteElo "2515"]
[BlackElo "2450"]

1.Nf3 d5 2.c4 c6 3.e3 Nf6 4.Nc3 a6 5.Be2 e6 6.O-O b5 7.b3 Bd6 8.d4 Nbd7 9.Qc2 b4
10.Na4 Bb7 11.a3 bxa3 12.Bxa3 Bxa3 13.Rxa3 Qe7 14.Rfa1 O-O 15.cxd5 cxd5 16.Nc5 Nxc5
17.Qxc5 Qd8 18.Ne5 Ne4 19.Qb4 Qc7 20.Nd3 Rfb8 21.Rc1 Bc6 22.Qe1 Qb6 23.Nc5 Nxc5
24.Rxc5 Bb5 25.Bxb5 axb5 26.Qa1 Qb7 27.h3 b4 28.Raa5 g6 29.Qa4 Rxa5 30.Rxa5 h5
31.Ra7 Qc8 32.Kh2 Qc2 33.Rxf7 Kxf7 34.Qa7+ Kf6 35.Qxb8 Kf7 36.Qb7+ Ke8 37.Qxb4 Qxf2
38.Qb8+ Ke7 39.Qb7+ Kd8 40.Qb8+ Kd7 41.Qf4 Qxf4+ 42.exf4 Kc6 43.Kg3 Kb5 44.Kh4 Kb4
45.g4 hxg4 46.hxg4 Kc3 47.Kg5 Kxd4 48.Kxg6 Kc3  1/2-1/2

[Event "Kastel Stari op"]
[Site "Kastel Stari"]
[Date "1997.??.??"]
[Round "6"]
[White "Biliskov, Vjekoslav"]
[Black "Petek Medic, Mirjana"]
[Result "1/2-1/2"]
[WhiteElo "2315"]
[BlackElo "2250"]

1.Nf3 d5 2.c4 c6 3.e3 Nf6 4.Nc3 e6 5.b3 Nbd7 6.Bb2 Bd6 7.Qc2 O-O 8.Be2 Re8
9.O-O h6 10.d4 b6 11.e4 dxe4 12.Nxe4 Nxe4 13.Qxe4 Bb7 14.Ne5 Nf6 15.Qe3 c5
16.Rad1 Qc7 17.Rd3 Be4 18.Rd2 cxd4 19.Qxd4 Rad8 20.Rfd1 Be7 21.Qc3 Rxd2 22.Rxd2 Rd8
23.Rxd8+ Qxd8 24.b4 Ne8 25.Qe3 Nf6 26.a3 a5 27.Bc3 axb4 28.axb4 b5 29.cxb5 Nd5
30.Qd4 Nxc3 31.Qxc3 Bf6 32.f4 Qd5 33.Qc8+ Kh7 34.Qd7 Qa2 35.Bf1 Qb2 36.Qd6 g5
37.Qd7 Bg6 38.Nxg6 Qd4+ 39.Qxd4 Bxd4+ 40.Kh1 Kxg6  1/2-1/2

[Event "Klatovy op-A"]
[Site "Klatovy"]
[Date "1997.??.??"]
[Round "?"]
[White "Jurek, Josef"]
[Black "Cisler, Petr"]
[Result "1-0"]
[WhiteElo "2415"]
[BlackElo "2165"]

1.Nf3 d5 2.c4 d4 3.g3 Nc6 4.Bg2 e5 5.O-O Nf6 6.d3 Be7 7.b4 e4 8.dxe4 Bxb4
9.Bb2 Bc5 10.Nbd2 Qe7 11.Nb3 Nxe4 12.Nfxd4 Nxd4 13.Nxc5 Nxc5 14.Qxd4 Ne6
15.Qc3 O-O 16.f4 f6 17.Kh1 Re8 18.g4 Bd7 19.Bxb7 Qc5 20.g5 Bc6+ 21.Bxc6 Qxc6+
22.Rf3 fxg5 23.Rg1 Re7 24.f5 Nf4 25.Rxg5 Nxe2 26.Rxg7+ Kf8 27.Qa3  1-0

[Event "Klatovy op-A"]
[Site "Klatovy"]
[Date "1997.??.??"]
[Round "?"]
[White "Soukup, Alois"]
[Black "Flaisigova, Petra"]
[Result "1-0"]
[WhiteElo "1975"]
[BlackElo "1860"]

1.Nf3 d5 2.c4 e6 3.b3 Nf6 4.Bb2 Be7 5.g3 a5 6.Nc3 O-O 7.Bg2 c6 8.e3 Nbd7
9.O-O Re8 10.Rc1 Nc5 11.d4 Nce4 12.c5 Nxc3 13.Bxc3 Ne4 14.Ne5 Nxc3 15.Rxc3 f6
16.Nd3 Qc7 17.f4 Qb8 18.Qc2 Bd8 19.Qf2 Bc7 20.Kh1 Bd7 21.Rcc1 Qd8 22.Qb2 Qb8
23.Bh3 Qd8 24.Rc2 Qe7 25.Rcf2 Qf7 26.Qe2 Qg6 27.Bg4 Qf7 28.Rb1 Qe7 29.Qb2 Qf7
30.Qc3 Qg6 31.Bh3 Qh5 32.Kg2 Qg6 33.Rbf1 Bc8 34.a3 Bd7 35.Kg1 Qh5 36.Bg2 Qg6
37.Rd2 Qh5 38.Bf3 Qg6 39.Bg2 Qh5 40.Bf3 Qg6 41.Rdf2 Ra7 42.Bg2 Qh5 43.Bf3 Qg6
44.Be2 Rea8 45.Ne1 Re8 46.Qd3 Qxd3 47.Bxd3 g6 48.g4 Kg7 49.h4 Raa8 50.g5 f5
51.Nf3 Rh8 52.Ra1 Ra7 53.Raa2 Rha8 54.Kf1 Kf7 55.Ke1 Ke7 56.Kd1 Kd8 57.Nd2 Rb8
58.Nf1 b5 59.Ng3 Ke7 60.h5 a4 61.bxa4 Rxa4 62.hxg6 hxg6 63.Rh2 Be8 64.Rh7+ Bf7
65.Bc2 Ra7 66.a4 Rba8 67.Kc1 bxa4 68.Bd1 a3 69.Nh5 gxh5 70.Bxh5 Rf8 71.g6 Kf6
72.Rxf7+ Rxf7 73.gxf7 Ke7 74.Kb1 Ra8 75.Rg2 Ba5 76.Ka2 Bb4 77.Rc2 Rh8 78.Rh2 Ra8
79.Rg2 Rb8 80.Re2 Rh8  1-0

[Event "Klatovy op-A"]
[Site "Klatovy"]
[Date "1997.??.??"]
[Round "?"]
[White "Jirovsky, Milos"]
[Black "Adamek, Frantisek"]
[Result "1-0"]
[WhiteElo "2460"]
[BlackElo "2050"]

1.Nf3 d5 2.c4 e6 3.d4 Nf6 4.Nc3 Nc6 5.Bg5 Bb4 6.e3 h6 7.Bxf6 Qxf6 8.Rc1 O-O
9.cxd5 exd5 10.Be2 Ne7 11.a3 Bxc3+ 12.bxc3 Bf5 13.O-O c6 14.c4 Rfd8 15.Qb3 b6
16.cxd5 cxd5 17.Ba6 Bc8 18.Bb5 a6 19.Bd3 Qd6 20.a4 Rb8 21.Ne5 b5 22.axb5 axb5
23.Rc5 b4 24.Ra1 Rb6 25.Ra7 Be6 26.Bb5 Rdb8 27.Ra5 f6 28.Nd3 Nc6 29.Bxc6 Rxc6
30.Ra4 Ra6 31.h3 Rxa4 32.Qxa4 b3 33.Rb5 Bf5 34.Qxb3 Rxb5 35.Qxb5 Bxd3 36.Qxd3 Kf7
37.Qb5 f5 38.Qb7+ Kf6 39.g3 Qe6 40.Qc7 Qe4 41.Qd6+ Kg5 42.Qe5 g6 43.f4+ Kh5
44.Qxe4 fxe4 45.Kg2  1-0

[Event "Koge op"]
[Site "Koge"]
[Date "1997.??.??"]
[Round "7"]
[White "Bang, Andreas"]
[Black "Askgaard, Jens"]
[Result "1-0"]
[WhiteElo "2280"]
[BlackElo "2115"]

1.Nf3 d5 2.c4 c6 3.d4 Nf6 4.Nc3 a6 5.b3 Bf5 6.e3 e6 7.Bd3 Bxd3 8.Qxd3 Be7
9.O-O O-O 10.Bb2 Nbd7 11.Rad1 Qc7 12.e4 dxe4 13.Nxe4 Rad8 14.Ng3 Nb6 15.Ne5 c5
16.Qe3 cxd4 17.Bxd4 Nbd7 18.Nd3 b6 19.Rd2 Ng4 20.Qe2 Ngf6 21.Rfd1 Nc5 22.Ne5 Qb7
23.Qe3 Nce4 24.Nxe4 Nxe4 25.Rd3 Nc5 26.Bxc5 Bxc5 27.Qf3 Rxd3 28.Rxd3 Qc7
29.Nd7 Rd8 30.Nxc5 bxc5 31.Qc6 Qe7 32.Rxd8+ Qxd8 33.g3 h6 34.Qxa6 Kh7 35.Kg2 h5
36.Qc6 Qd4 37.Qf3 h4 38.Qh5+ Kg8 39.Qxh4 Qd2 40.Qe7 Qxa2 41.Qe8+ Kh7 42.Qxf7 Qe2
43.Qf3 Qe5 44.h4 Kg8 45.Qg4 Qd6 46.Qe4 e5 47.Qd5+  1-0

[Event "Cassovia op"]
[Site "Kosice"]
[Date "1997.??.??"]
[Round "?"]
[White "Pejko, Otomar"]
[Black "Jurcisin, Imrich"]
[Result "1/2-1/2"]
[WhiteElo "2255"]
[BlackElo "2025"]

1.Nf3 d5 2.c4 e6 3.g3 Nf6 4.Bg2 Be7 5.O-O O-O 6.b3 Nbd7 7.Bb2 b6 8.cxd5 exd5
9.Nd4 Bb7 10.Nf5 Re8 11.Nxe7+ Qxe7 12.Nc3 Ne4 13.Nxe4 dxe4 14.Qc2 c5 15.Rad1 Rad8
16.Rfe1 Nb8 17.Qc3 f6 18.f3 exf3 19.Bxf3 Bxf3 20.Qxf3 Qe4 21.Kf2 Nc6 22.d3 Qxf3+
23.Kxf3 Ne5+ 24.Bxe5 Rxe5 25.Rc1 Rd4  1/2-1/2

[Event "Cassovia op"]
[Site "Kosice"]
[Date "1997.??.??"]
[Round "?"]
[White "Pejko, Otomar"]
[Black "Berezin, Oleg"]
[Result "1/2-1/2"]
[WhiteElo "2255"]
[BlackElo "2450"]

1.Nf3 d5 2.c4 c6 3.g3 Nf6 4.Bg2 g6 5.b3 Bg7 6.Bb2 O-O 7.O-O b6 8.d3 Bb7 9.Nbd2 Nbd7
10.Qc2 Rc8 11.Rad1 Re8 12.Ne5 Nxe5 13.Bxe5 c5 14.Qb2 Qd7 15.cxd5 Bxd5 16.Bxd5 Qxd5
17.Nc4 Nh5 18.Bxg7 Nxg7 19.d4 Nf5 20.dxc5 Qxc5 21.e4 Nd6 22.Nxd6 exd6 23.Rd4 Qc2  1/2-1/2